Word Bomb.io Sub1s - Statistics

General Stats
  • This quiz has been taken 5 times
  • The average score is 70 of 236
Answer Stats
Hint Answer % Correct
AAA AAARGH
100%
ACJ/CJA ACJACHEMEN
33%
DHK ADHKAR
33%
HHS AHHS
33%
IEE AIEE
33%
LPK ALPKASE
33%
IIQ ALUTIIQ
33%
AGC AMAGCALEKA
33%
AGQ AMAGQIRHA
33%
CDA ANECDATA
33%
IWR ANTIWRINKLE
33%
CFO | RCF ARCFORM
33%
RCW ARCWISE
33%
FWU/UFW AUFWUCHS
33%
WJI AWJILA
33%
AWQ/WQA AWQAF
33%
WWS AWWS
33%
WYU AWYU
33%
RSZ/SZC/ZCZ BARSZCZ
33%
FSG BEGRIFFSGESCHICHTE
33%
RGK BERGKASE
33%
PKW BIPKWELE
33%
IYS BIYS
33%
MRY BOTTOMRY
33%
OZB BOZBASH
33%
BWG/WGC BWGCOLMAN
33%
BZZ BZZT
33%
XLS CACOMIXLS
33%
AJC/JC/JCH CHAJCHAS
33%
KHB CHAKHOKHBILI
33%
CIW CIWUJIA
33%
SPT CLASPT
33%
FHU CLIFFHUNG
33%
OQS COQS
33%
HX/HXI/UHX CUAUHXICALLI
33%
CIH DECIHERTZ
33%
VSE DEVSECOPS
33%
AJS/JSA DGHAJSA
33%
VIY DOMOVIYE
33%
GRS DRAUGRS
33%
SQS DUMARESQS
33%
MKY DUMKY
33%
LZW EDELZWICKER
33%
EHH EHH
33%
NLH ENLHET
33%
VHO EVHOE
33%
QIE FANQIE
33%
RLJ FIERLJEPPEN
33%
LMJ FILMJOLK
33%
QHS FIQHS
33%
XIH FLEXIHOURS
33%
OLX FOLX
33%
HBY FORTHBY
33%
MDS FREMDS
33%
FYE FYE
33%
EWZ GELLEWZA
33%
RBZ GHARBZADEGI
33%
TKS GITKSAN
33%
TXS GITXSAN
33%
GQO GQOM
33%
LLZ GRILLZ
33%
TJM GUNDITJMARA
33%
BWY/DBW GWYDDBWYLL
33%
NJJ GYERANJJIM
33%
LBT HALBTROCKEN
33%
KMB HARAKMBUT
33%
HJI HIGHJINKS
33%
GHK HIGHKEY
33%
IXK/XKA HIXKARYANA
33%
UEK HOCHUEKKITO
33%
IGK HONIGKUCHEN
33%
AYQ HUAYQUERIAN
33%
QUM HUL'QUMI'NUM
33%
HUO HUOGUO
33%
HUX HUXLEYAN
33%
IGQ IGQIRHA
33%
IMQ/MQA IMQARET
33%
QTU INNUINAQTUN
33%
RXY INTERXYLARY
33%
IXH ISIXHOSA
33%
IXC IXCATEC
33%
NPP JJINPPANG
33%
JJO JJOLMYEON
33%
JYU JYUTPING
33%
DZM KINDZMARAULI
33%
RZN KIRZNERIAN
33%
OMV/VUX KOMVUX
33%
KVL/VLT KVLT
33%
KXO KXOE
33%
GTS LANDVOGTS
33%
BVR/EBV LEFEBVRIAN
33%
SBS LESBS
33%
IUY LIUYEDAO
33%
FAO LMFAO
33%
OJB LOJBAN
33%
JBO MAJBOOS
33%
NQO MASENQO
33%
HSY MATHSY
33%
LKK MELKKOS
33%
LSS MENDELSSOHNIAN
33%
MHM MHM
33%
DCI MIDCINGULATE
33%
QVO MIQVOTH
33%
IZP MIZPAH
33%
OVC/VCH MORKOVCHA
33%
CVE/UCV MUCVER
33%
QAQ MUHAQQAQ
33%
QOO MUTTAQOON
33%
LBH NEPALBHASA
33%
VZI NEVZINE
33%
XTD NEXTDOOR
33%
NHL NHLANGWINI
33%
IIP NIMIIPUU
33%
OHK NOHKAN
33%
NMN NONMNEMONIC
33%
NZW NONZWITTERIONIC
33%
KMC NUXALKMC
33%
TZT OBATZTER
33%
BVS OBVS
33%
OHH OHH
33%
MHS OLLAMHS
33%
TVY OUTVYING
33%
ULJ PASULJ
33%
EKM PEKMEZ
33%
EDV PEREDVIZHNIKI
33%
EUY PEUYEUM
33%
PHP PHPHT
33%
EKJ PINNEKJOTT
33%
TTD PLATTDEUTSCH
33%
TRH POSTRHINAL
33%
UWH POUWHENUA
33%
GOQ PTERYGOQUADRATE
33%
JII PUNJIING
33%
AZF QAZF
33%
EQC Q'EQCHI'
33%
QIX QIXI
33%
QIZ QIZILBASH
33%
QOV QOVURMA
33%
QEB QRAQEB
33%
TBS QUTBS
33%
QUW QUW'UTSUN
33%
QUZ QUZI
33%
JGE RAJGEERA
33%
JGI RAJGIRA
33%
IKF REPUBLIKFLUCHT
33%
BDS RHABDS
33%
HML RHYTHMLESS
33%
IGV RIGVEDIC
33%
QQS RIQQS
33%
MUV ROMUVA
33%
TKR ROTKRAUT
33%
GBR RUGBROD
33%
EUJ SAEUJEOT
33%
WIQ SAHAWIQ
33%
LZK SALZKARTOFFELN
33%
LZY SCHMALZY
33%
BHS SGIAN-DUBHS
33%
KHP SHANKHPUSHPI
33%
JVI/NJV SHIKANJVI
33%
HKM SHKMERULI
33%
KRR/RRT SKRRT
33%
JDS SLOJDS
33%
GDS SMARAGDS
33%
WWY SOWWY
33%
TZG/ZGE SPRITZGEBACK
33%
FVL/OFV STOOFVLEES
33%
KLJ/LJI STRUKLJI
33%
BDY SUBDYNAMICS
33%
UFN SUFFIXAUFNAHME
33%
CEX SUPERCALIFRAGILISTICEXPIALIDOCIOUS
33%
SWY SWY
33%
ILX SYILX
33%
YNV SYNVOLCANIC
33%
JWE TAJWEED
33%
QSI TAQSIM
33%
VKV TAVKVERI
33%
VUK TAVUKGOGSU
33%
JVJ/TJV/VJI TJVJIK
33%
NQE TRANQED
33%
NSZ TRANSZONAL
33%
HQO/LHQ TSILHQOT'IN
33%
UHH UHH
33%
UHM UHM
33%
EQW UMLEQWA
33%
MNG/QUS UMNGQUSHO
33%
MRH UMRHUBHE
33%
UOJ UMUOJI
33%
UZV UZVAR
33%
KUQ VITHKUQI
33%
VLY VLY
33%
HVS VOLKHVS
33%
HVY VOLKHVY
33%
KFS WAKFS
33%
QFS WAQFS
33%
RPW WARPWISE
33%
HRW WEHRWIRTSCHAFT
33%
TRS WITRS
33%
QEY WOLASTOQEY
33%
MX/MXN/OMX WOMXN
33%
UXV/WUI WUIKINUXV
33%
IUA WULIUAN
33%
WUW WUWEI
33%
XNI XNIPEC
33%
NXU XUANXUE
33%
XWL XWLA
33%
BRS ZUBRS
33%
ZKE BOGAZKERE
0%
ZUQ BUZUQ
0%
VCI CUPAVCI
0%
YSV DYSVASCULAR
0%
ZBS HIZBS
0%
JEK IJEKAVIAN
0%
YZN KLOYZN
0%
YTK KOPYTKA
0%
ZTI LISZTIAN
0%
WCE MAKOWCE
0%
QLU MAQLUBA
0%
TSQ MATSQUI
0%
WEW NEHIYAWEWIN
0%
YPK OSCYPKI
0%
PKH PKHALI
0%
QOB QOBYZ
0%
ZNJ RAZNJICI
0%
JYT RYIJYT
0%
ZLS SHLIMAZLS
0%
QLE TAQLEED
0%
NXA TRINXAT
0%
WUA UKWUANI
0%
KOQ UMPHOKOQO
0%
MQO UMQOMBOTHI
0%
YTJ YANKUNYTJATJARA
0%
YUV YUVARLAKIA
0%
YUX YUXIANG
0%
UHD ZUHD
0%
ZUI ZUIHITSU
0%
No matching quizzes found
Score Distribution
Percent of People with Each Score
Percentile by Number Answered
Your Score History
You have not taken this quiz